<?xml version="1.0" encoding="UTF-8"?>
<collection xmlns="http://www.loc.gov/MARC21/slim">
    <record>
        <controlfield tag="001">11738</controlfield>
        <controlfield tag="005">20190219123652.0</controlfield>
        <datafield tag="037" ind1=" " ind2=" ">
            <subfield code="a">TESIS-2013-073</subfield>
        </datafield>
        <datafield tag="041" ind1=" " ind2=" ">
            <subfield code="a">eng</subfield>
        </datafield>
        <datafield tag="080" ind1=" " ind2=" ">
            <subfield code="a">512</subfield>
        </datafield>
        <datafield tag="100" ind1="1" ind2=" ">
            <subfield code="a">Ortigas Galindo, Jorge</subfield>
        </datafield>
        <datafield tag="245" ind1="0" ind2="0">
            <subfield code="a">Algebraic and Topological Invariants of Curves and Surfaces with Quotient Singularities (Invariantes topológicos y algebraicos de curvas y superficies con singularidades cociente)</subfield>
        </datafield>
        <datafield tag="260" ind1=" " ind2=" ">
            <subfield code="a">Zaragoza</subfield>
            <subfield code="b">Universidad de Zaragoza, Prensas de la Universidad</subfield>
            <subfield code="c">2013</subfield>
        </datafield>
        <datafield tag="300" ind1=" " ind2=" ">
            <subfield code="a">173</subfield>
        </datafield>
        <datafield tag="490" ind1="0" ind2=" ">
            <subfield code="a">Tesis de la Universidad de Zaragoza</subfield>
            <subfield code="v">2013-55</subfield>
            <subfield code="x">2254-7606</subfield>
        </datafield>
        <datafield tag="500" ind1=" " ind2=" ">
            <subfield code="a">Presentado:  03 07 2013</subfield>
        </datafield>
        <datafield tag="502" ind1=" " ind2=" ">
            <subfield code="a">Tesis-Univ. Zaragoza, Matemáticas, 2013</subfield>
            <subfield code="b">Zaragoza, Universidad de Zaragoza</subfield>
            <subfield code="c">2013</subfield>
        </datafield>
        <datafield tag="506" ind1=" " ind2=" ">
            <subfield code="a">by-nc-nd</subfield>
            <subfield code="b">Creative Commons</subfield>
            <subfield code="c">3.0</subfield>
            <subfield code="u">https://creativecommons.org/licenses/by-nc-nd/3.0/</subfield>
        </datafield>
        <datafield tag="520" ind1=" " ind2=" ">
            <subfield code="a">El objetivo principal de esta tesis doctoral es el estudio del anillo de cohomología del complementario de una curva algebraica reducida en el plano proyectivo ponderado complejo cuyas componentes sean curvas racionales irreducibles (con o sin puntos singulares). En particular, encontramos representantes holomorfos (racionales) para las clases de cohomología. Para lograr nuestro objetivo es necesario desarrollar una teoría algebraica de curvas en superficies con singularidades cociente y estudiar técnicas para calcular algunos invariantes, particularmente útiles, por medio de Q-resoluciones encajadas. Para estudiar ciertos invariantes hemos tenido que generalizar, de manera adecuada, los siguientes conceptos: invariante delta, fibra de Milnor, fórmula del género, fórmula de Noether, concepto de forma logarítmica en Q-divisores con cruces no normales o una Fórmula de tipo Adjunción en planos proyectivos ponderados entre otros. Esta última fórmula proporciona una relación muy interesante entre un invariante topológico, como es el género de una curva genérica (no necesariamente lisa) de  grado cuasi-homogéneo d, y la dimensión del espacio de polinomios de grado d+deg(K) (siendo K el divisor canónico). En este trabajo se usan principalmente tres técnicas diferentes: teoría local de singularidades en V-superficies, teoría global de formas logarítmicas y teoría de puntos en retículos junto con sumas de Dedekind. Desde el punto de vista local se ha estudiado teoría de intersección, diferentes invariantes locales y Q-resoluciones encajadas. En la tesis damos una definición alternativa de formas logarítmicas, las llamadas "formas logarítmicas de log-resolución", que son independientes de la Q-resolución escogida. En general, el haz de tales formas es más pequeño que el de las formas logarítmicas sobre divisores con cruces no normales. Mostramos una descripción de los haces logarítmicos en términos de valoraciones de árboles de Q-resolución. Para conectar la teoría local con la global entra en juego la Fórmula de tipo Adjunción. Para demostrar dicha fórmula es necesario el estudio de métodos de conteo de puntos y sumas de Dedekind. Todo ello muestra la conexión entre la geometría y la combinatoria. Como aplicación, los resultados obtenidos en esta tesis se pueden aplicar al estudio de las variedades de resonancia y la formalidad.</subfield>
        </datafield>
        <datafield tag="653" ind1="1" ind2=" ">
            <subfield code="a">geometría algebraica</subfield>
        </datafield>
        <datafield tag="653" ind1="1" ind2=" ">
            <subfield code="a">cohomología</subfield>
        </datafield>
        <datafield tag="653" ind1="1" ind2=" ">
            <subfield code="a">álgebra</subfield>
        </datafield>
        <datafield tag="653" ind1="1" ind2=" ">
            <subfield code="a">algebraic geometry</subfield>
        </datafield>
        <datafield tag="653" ind1="1" ind2=" ">
            <subfield code="a">cohomology</subfield>
        </datafield>
        <datafield tag="700" ind1=" " ind2=" ">
            <subfield code="a">Cogolludo Agustín, José Ignacio</subfield>
            <subfield code="e">dir.</subfield>
        </datafield>
        <datafield tag="700" ind1=" " ind2=" ">
            <subfield code="a">Vallés, Jean</subfield>
            <subfield code="e">dir.</subfield>
        </datafield>
        <datafield tag="700" ind1=" " ind2=" ">
            <subfield code="a">Florens, Vincent</subfield>
            <subfield code="e">dir.</subfield>
        </datafield>
        <datafield tag="710" ind1="2" ind2=" ">
            <subfield code="a">Universidad de Zaragoza</subfield>
            <subfield code="b">Matemáticas</subfield>
        </datafield>
        <datafield tag="856" ind1="0" ind2=" ">
            <subfield code="f">zaguan@unizar.es</subfield>
        </datafield>
        <datafield tag="856" ind1="4" ind2=" ">
            <subfield code="s">1946228</subfield>
            <subfield code="u">http://zaguan.unizar.es/record/11738/files/TESIS-2013-073.pdf</subfield>
            <subfield code="z">Texto completo (eng)</subfield>
        </datafield>
        <datafield tag="909" ind1="C" ind2="O">
            <subfield code="o">oai:zaguan.unizar.es:11738</subfield>
        </datafield>
        <datafield tag="909" ind1="c" ind2="o">
            <subfield code="p">tesis</subfield>
        </datafield>
        <datafield tag="909" ind1="C" ind2="O">
            <subfield code="p">driver</subfield>
        </datafield>
        <datafield tag="910" ind1="2" ind2=" ">
            <subfield code="a">Álgebra</subfield>
            <subfield code="b">Matemáticas</subfield>
        </datafield>
        <datafield tag="980" ind1=" " ind2=" ">
            <subfield code="a">TESIS</subfield>
        </datafield>
    </record>

    
</collection>